House price index (Record no. 113903)
[ view plain ]
| 000 -LEADER | |
|---|---|
| fixed length control field | 01503cad a22002295a 4500 |
| 001 - CONTROL NUMBER | |
| control field | L155895 |
| 008 - FIXED-LENGTH DATA ELEMENTS--GENERAL INFORMATION | |
| fixed length control field | 120420e20120418xxkd f s f000 0 eng d |
| 035 ## - SYSTEM CONTROL NUMBER | |
| System control number | (Sirsi) u155895 |
| 041 0# - LANGUAGE CODE | |
| Language code of text/sound track or separate title | eng |
| 110 1# - MAIN ENTRY--CORPORATE NAME | |
| Corporate name or jurisdiction name as entry element | Office for National Statistics |
| 9 (RLIN) | 2210 |
| 245 00 - TITLE STATEMENT | |
| Title | House price index |
| Remainder of title | February 2012 |
| Medium | [electronic resource] |
| 260 ## - PUBLICATION, DISTRIBUTION, ETC. | |
| Place of publication, distribution, etc. | London |
| Name of publisher, distributor, etc. | DCLG |
| Date of publication, distribution, etc. | 2012 |
| 490 #0 - SERIES STATEMENT | |
| Series statement | ONS House Price Index |
| Volume/sequential designation | February 2012 |
| 520 ## - SUMMARY, ETC. | |
| Summary, etc. | UK house prices increased by 0.3% since February 2011 and by 0.2% since January 2012. The mix-adjusted average house price was £224 473 in February 2012 (not seasonally adjusted). Annual average house prices increased by 0.4% in England and 1.1% in Scotland and fell by 0.5% in Wales and 9.7% in Northern Ireland. Annual average house prices paid by first time buyers in February were 1.3% higher than a year ago. No change in average house prices paid by former owner occupiers. Annual average house prices paid for new properties in February 2012 were 7.7% higher than a year ago. By comparison average house prices paid on pre-owned dwellings were 0.2% lower. The ONS House Price Index was previously published by Department for Communities and Local Government as the CLG House Price Index. |
| 521 ## - TARGET AUDIENCE NOTE | |
| Target audience note | Advanced |
| 590 ## - LOCAL NOTE (RLIN) | |
| Local note | KA NTK |
| 650 24 - SUBJECT ADDED ENTRY--TOPICAL TERM | |
| Topical term or geographic name entry element | ONS HOUSE PRICE INDEX |
| 651 #4 - SUBJECT ADDED ENTRY--GEOGRAPHIC NAME | |
| Geographic name | United Kingdom |
| Chronological subdivision | |
| 690 ## - LOCAL SUBJECT ADDED ENTRY--TOPICAL TERM (OCLC, RLIN) | |
| Topical term or geographic name as entry element | Residential property |
| 9 (RLIN) | 6266 |
| 856 40 - ELECTRONIC LOCATION AND ACCESS | |
| Uniform Resource Identifier | <a href="https://www.ons.gov.uk/ons/dcp171778_262371.pdf">https://www.ons.gov.uk/ons/dcp171778_262371.pdf</a> |
| Public note | View this item free of charge at www.ons.gov.uk |
| 942 ## - ADDED ENTRY ELEMENTS (KOHA) | |
| Suppress in OPAC | 0 |
| Withdrawn status | Lost status | Source of classification or shelving scheme | Damaged status | Not for loan | Home library | Current library | Shelving location | Date acquired | Total Checkouts | Full call number | Barcode | Date last seen | Copy number | Price effective from | Koha item type |
|---|---|---|---|---|---|---|---|---|---|---|---|---|---|---|---|
| Dewey Decimal Classification | Virtual | Virtual | Online | 20/04/2012 | ONLINE PUBLICATION | 155895-2001 | 06/08/2019 | 1 | 06/08/2019 | Book |